000 00732nas a2200253 4500
001 BR9510720
003 BR-BrBNA
005 20231205095554.0
007 ta
008 230509b bl.|||p| |||| 00| 00por d
040 _aBR-BrBNA
_bpor
_cBiblioteca Nacional de Agricultura
041 _a(Pt)
072 _aQ02
100 1 _aVerissimo, M.T. da L.
245 1 _aSaiba como preparar mel com geleia real, com propolis e com polen
650 _aMel
650 _aAlimento Preparado
650 _aGeleia Real
650 _aPropolis
650 _aPolen
773 0 _tApicultura no Brasil (Brazil)
_xISSN 0102-3659
_g(Nov-Dec 1987), v. 4(23) p. 30
_wBR9510720
909 _a202311
_bLúcia
_c55
_dLúcia Elande
942 _2AGRIS
_n0
_cANA
999 _c151443
_d151443